| 000 | 00602nam a22001817a 4500 | ||
|---|---|---|---|
| 005 | 20251108164011.0 | ||
| 008 | 250721s1996 xx 000 0 ara d | ||
| 082 | 1 | 4 | _a320.158/سهي |
| 100 | 1 | _aالتل، سهير سلطي | |
| 245 | 1 | 0 | _aحركة القوميين العرب و إنعطافاتها الفكرية / |
| 264 | 1 |
_aبيروت : _bمركز دراسات الوحدة العربية، _c1996. |
|
| 300 | _a294ص | ||
| 490 | 0 | _aسلسلة الثقافة القومية ؛ 31 | |
| 650 | 1 | 7 | _aالقومية |
| 650 | 1 | 7 | _aالقومية العربية |
| 942 |
_2ddc _cBK |
||
| 999 |
_c1117 _d1117 |
||